[Event "AUTO-MASTER-3294"]
[Site "http://www.queenalice.com/game.php?id=1868500"]
[Date "2026.1.26"]
[Round "1"]
[White "Magnaroc"]
[Black "Guilherme_Ottoni"]
[Result "0-1"]
[WhiteElo "1925"]
[BlackElo "2236"]

1. e4 e5 2. Nf3 Nc6 3. d4 exd4 4. Nxd4 Nf6 5. Nxc6 bxc6 6. Bg5 h6 7. Bxf6 Qxf6
8. c3 Bc5 9. Qc2 O-O 10. Bd3 d5 11. O-O Re8 12. Nd2 Bd7 13. Nf3 Rab8 14. Rae1
Bg4 15. Nd2 Bb6 16. exd5 Rxe1 0-1

[Event "AUTO-MASTER-3294"]
[Site "http://www.queenalice.com/game.php?id=1868501"]
[Date "2026.1.26"]
[Round "1"]
[White "Guilherme_Ottoni"]
[Black "Magnaroc"]
[Result "1-0"]
[WhiteElo "2225"]
[BlackElo "1742"]

1. d4 e6 2. g3 d5 3. Nf3 Be7 4. c4 dxc4 5. Bg2 Nf6 6. Qa4+ Nc6 7. Qxc4 O-O 8.
O-O h6 9. Rd1 Nd5 10. Nc3 Bf6 11. a3 a5 12. e4 Nb6 13. Qd3 e5 14. d5 Nd4 15.
Nxd4 exd4 16. Nb5 c5 17. b3 Bg4 18. Bf3 Bxf3 19. Qxf3 Nd7 20. Bb2 Ne5 21. Qg2 g5
22. f4 Ng4 23. Bc1 Ne3 24. Bxe3 dxe3 25. e5 1-0

[Event "AUTO-MASTER-3294"]
[Site "http://www.queenalice.com/game.php?id=1868524"]
[Date "2026.1.26"]
[Round "1"]
[White "Guilherme_Ottoni"]
[Black "maurice916"]
[Result "1-0"]
[WhiteElo "2235"]
[BlackElo "1846"]

1. e4 c6 2. d4 d5 3. Nc3 dxe4 4. Nxe4 Nf6 5. Nxf6+ exf6 6. c3 Bd6 7. Bd3 O-O 8.
Ne2 Na6 9. Qc2 g6 10. h4 Re8 11. h5 Nc7 12. hxg6 fxg6 13. Bxg6 Qe7 14. Bxh7+ Kf8
15. Bh6+ Kf7 16. Bg6+ Kg8 17. Bxe8 Nxe8 18. Qg6+ Ng7 19. Kd2 Bf5 20. Qxg7+ Qxg7
21. Bxg7 Kxg7 22. Rae1 Bg6 23. a3 Rd8 24. Ng3 Bf4+ 25. Kd1 Bg5 26. Re7+ Bf7 27.
Nf5+ Kg6 28. g4 Rd5 29. Rhe1 c5 30. Rxb7 cxd4 31. Ne7+ 1-0

[Event "AUTO-MASTER-3294"]
[Site "http://www.queenalice.com/game.php?id=1868525"]
[Date "2026.1.26"]
[Round "1"]
[White "maurice916"]
[Black "Guilherme_Ottoni"]
[Result "1/2-1/2"]
[WhiteElo "1836"]
[BlackElo "2239"]

1. Nf3 d5 2. b3 Bg4 3. e3 Nd7 4. Be2 e5 5. Bb2 Bd6 6. O-O Ngf6 7. d4 e4 8. Ne5
Bxe2 9. Qxe2 c6 10. f4 Qe7 11. Nd2 O-O-O 12. c4 Ne8 13. cxd5 cxd5 14. Rfc1+ Kb8
15. Qb5 Nxe5 16. dxe5 Bc7 17. a4 a6 18. Qe2 Bb6 19. Ba3 Qd7 20. Kh1 f6 21. Bb2
fxe5 22. Bxe5+ Bc7 23. Bxc7+ Nxc7 24. Rd1 Qf5 25. Nf1 Ne6 26. Ng3 Qf7 27. Rf1
Nc5 28. Qb2 Nd3 29. Qd4 Rc8 30. Rfd1 Nf2+ 31. Kg1 Nxd1 32. Rxd1 Rhd8 33. Qe5+
Ka8 34. Ne2 Rc2 35. Nd4 Rcc8 36. b4 Re8 37. Qd6 Rcd8 38. Qb6 Qd7 39. b5 Qd6 40.
Qxd6 Rxd6 41. bxa6 bxa6 42. Rc1 Kb7 43. a5 g6 44. Rb1+ Ka7 45. Rb2 Rb8 46. Rc2
h6 47. Nc6+ Kb7 48. Nxb8 Kxb8 1/2-1/2

[Event "AUTO-MASTER-3297"]
[Site "http://www.queenalice.com/game.php?id=1869748"]
[Date "2026.2.25"]
[Round "1"]
[White "Capixaba789"]
[Black "Guilherme_Ottoni"]
[Result "0-1"]
[WhiteElo "1919"]
[BlackElo "2230"]

1. d4 Nf6 2. c4 g6 3. Nc3 d5 4. e3 Bg7 5. cxd5 Nxd5 6. Bd2 O-O 7. Nf3 Nc6 8. Be2
Bf5 9. O-O Nxc3 10. Bxc3 Qd5 11. b3 a6 12. h3 h6 13. Kh1 Na7 14. a4 c5 15. Rc1
cxd4 16. Bxd4 Nc6 17. Bxg7 Qxd1 18. Bxd1 Kxg7 19. Be2 Rfd8 20. Bc4 Bd3 21. Rfd1
Bxc4 22. Rxd8 Rxd8 23. Rxc4 Rd1+ 24. Kh2 Rd3 25. b4 Rb3 26. Nd4 Rxb4 27. Rxb4
Nxb4 28. Kg3 Kf6 29. Kf4 e5+ 0-1

[Event "AUTO-MASTER-3297"]
[Site "http://www.queenalice.com/game.php?id=1869749"]
[Date "2026.2.25"]
[Round "1"]
[White "Guilherme_Ottoni"]
[Black "Capixaba789"]
[Result "1-0"]
[WhiteElo "2226"]
[BlackElo "1948"]

1. e4 e5 2. Nf3 Nc6 3. Bb5 Nf6 4. d3 Be7 5. O-O O-O 6. Re1 d6 7. Bxc6 bxc6 8. d4
exd4 9. Nxd4 Bb7 10. f3 a5 11. c4 c5 12. Nf5 Re8 13. Nxe7+ Rxe7 14. Nc3 Ba6 15.
b3 Re8 16. Be3 Qe7 17. Qd2 Qe5 18. Bf4 Qh5 19. Bg3 Bb7 20. Nb5 Rac8 21. Qxa5
Bxe4 22. fxe4 Nxe4 23. Nxc7 Rxc7 24. Rxe4 1-0

[Event "AUTO-MASTER-3297"]
[Site "http://www.queenalice.com/game.php?id=1869765"]
[Date "2026.2.25"]
[Round "1"]
[White "Guilherme_Ottoni"]
[Black "stoyan1"]
[Result "1-0"]
[WhiteElo "2216"]
[BlackElo "2053"]

1. e4 e5 2. Nf3 Nc6 3. Bb5 d6 4. d4 Bd7 5. Nc3 a6 6. Bxc6 Bxc6 7. dxe5 Qd7 8.
O-O O-O-O 9. Bf4 f6 10. exd6 Bxd6 11. Bxd6 cxd6 12. Nd4 Ne7 13. Qd3 d5 14. Nxc6
Qxc6 15. exd5 Nxd5 16. Rfd1 Nxc3 17. Qxc3 Qxc3 18. bxc3 Kc7 19. Rd3 b5 20. Rad1
g5 21. Rxd8 Rxd8 22. Rxd8 Kxd8 23. f3 Kc7 24. Kf2 Kb6 25. Ke3 Kc5 26. Kd3 f5 27.
g3 h5 28. h3 g4 29. hxg4 f4 30. gxh5 fxg3 31. Ke2 1-0